Kisebbségünk jövője A közvélemény-kutatás tukrében

Bibliographic Details
Format: Article
Language:Hungarian
Subjects:

MARC

LEADER 00000nab a2200000 a 4500
001 vtls000487982
003 SK-MaSNL
005 20260319074122.0
008 120927c1992 xo 0 hun
015 |a SNBRB19rr/mm-uuuuu 
035 |a CL0488119 
040 |a SNKBUCL  |b slo  |c SNKBUCL  |e AACR2 
041 0 |a hun 
044 |a xo  |c SK 
080 |a 323.15(437.6=945.11)  |2 1981 
245 0 0 |a Kisebbségünk jövője  |b A közvélemény-kutatás tukrében 
650 0 7 |a Maďari v Česko-slovensku  |2 snkbucl  |9 966778 
655 7 |a články z novín a časopisov  |2 snkbucl  |9 267496 
773 0 |t Szabad újság  |g Roč. 2, č. 285 (17. 12. 1992), s. 1 
850 |a Slovenská národná knižnica v Martine  |a MTA001 
852 |a SNK  |b KIS3GCP 
958 |a RK 
992 |a RBX 
999 |c 1576868  |d 1578798